| 000 | 00873nam a22001937a 4500 | ||
|---|---|---|---|
| 003 | JO-AjAnu | ||
| 005 | 20250309094406.0 | ||
| 008 | 250304b jo ||||| |||| 00| 0 ara d | ||
| 040 |
_aJO-AjAnu _bara _cJO-AjAnu _dJO-AjAnu _erda |
||
| 050 |
_a.KMM272 _bU82 2019 |
||
| 100 | 1 |
_aالعتيبي، جهاد صالح _959625 _eمؤلف |
|
| 245 |
_aموسوعة القضاء الإداري : القواعد القضائية في اختصاصات المحكمة الإدارية وفق قانون القضاء الإداري، الجزء الثاني، القسم الأول : (دراسة مقارنة) / _c جهاد صالح العتيبي |
||
| 250 | _aالطبعة الأولى | ||
| 260 |
_aعمان : _bد.ن، _c2019 |
||
| 300 | _a499 صفحة | ||
| 504 | _aيحتوي على فهرس | ||
| 650 | 0 |
_aالقضاء الإداري -- الأردن _925721 |
|
| 942 |
_2lcc _cBK _n0 |
||
| 999 |
_c33864 _d33864 |
||